[Event "otb"]
[Site "otb"]
[Date "2007.03.25"]
[Round "9"]
[White "Rodriguez Andres"]
[Black "Flores Diego"]
[Result "1/2-1/2"]
[WhiteElo "2543"]
[BlackElo "2541"]
[PlyCount "126"]
[Source "www.chesslib.no"]
[SourceDate "2004.05.04"]

1. f4 e5 2. e4 exf4 3. Nf3 g5 4. Bc4 Bg7 5. d4 Nc6 6. h4 h6 7. c3 Qe7 8. O-O d6 9. b4 g4 10. Ne1 f3 11. gxf3 Nf6 12. b5 Na5 13. Bd3 gxf3 14. Qxf3 Rg8 15. Ng2 Bg4 16. Qg3 Bh8 17. Nd2 O-O-O 18. Rf2 Bd7 19. Qf3 Rg4 20. Ba3 Nh5 21. Bb4 Rdg8 22. Bxa5 Qxh4 23. Nf1 Nf4 24. Nfe3 Nh3+ 25. Kf1 Qxf2+ 26. Qxf2 Nxf2 27. Kxf2 R4g5 28. Bb4 Rh5 29. Rf1 Rh2 30. Kg1 Rh3 31. Nd5 Kd8 32. Bc4 Rhg3 33. Ndf4 Bf6 34. Rf2 Bg5 35. Kf1 Re8 36. Ne2 Rh3 37. Rxf7 Rxe4 38. a4 c5 39. bxc6 Bxc6 40. Bxd6 Rg4 41. Nef4 Rf3+ 42. Ke2 Rxg2+ 43. Nxg2 Rxf7 44. Bxf7 Bxg2 45. a5 Kd7 46. Bc5 Bd8 47. a6 bxa6 48. d5 Bh3 49. Bxa7 a5 50. c4 a4 51. c5 a3 52. c6+ Ke7 53. Bg8 Kf8 54. Bh7 a2 55. Bd4 Bg2 56. d6 Bxc6 57. Kd3 Kf7 58. Kc2 Bd5 59. Bf5 Bf6 60. Bxf6 Kxf6 61. Kb2 h5 62. Ka1 Be6 63. d7 Bxd7 1/2-1/2

[Event "HUN Team Ch 9394"]
[Site "HUN"]
[Date "1994.??.??"]
[Round "?"]
[White "Zila, Laszlo"]
[Black "Almasi, Zoltan"]
[Result "0-1"]
[WhiteElo "2425"]
[BlackElo "2610"]
[PlyCount "80"]
[EventDate "1993.??.??"]
[Source "www.chesslib.no"]
[SourceDate "2004.05.04"]

1. e4 e5 2. f4 exf4 3. Nf3 g5 4. Bc4 Bg7 5. d4 d6 6. Nc3 Nc6 7. O-O h6 8. Nd5 Nge7 9. c3 Nxd5 10. Bxd5 Ne7 11. Bb3 Be6 12. g3 fxg3 13. hxg3 Qd7 14. Be3 Bxb3 15. axb3 O-O 16. Nh2 Qe6 17. Bf2 f5 18. exf5 Rxf5 19. Qc2 Qf7 20. Qe4 Rf8 21. Qc2 a6 22. Rae1 Ng6 23. b4 h5 24. Qe2 g4 25. Qe6 d5 26. Qxf7+ R8xf7 27. Be3 Bf8 28. Rxf5 Rxf5 29. Rf1 Rxf1+ 30. Nxf1 Kf7 31. Bg5 Ke6 32. Ne3 Bd6 33. Kf2 Ne7 34. Bxe7 Bxe7 35. Ke2 c6 36. Kd3 Bd6 37. Nf1 Kf5 38. Ke3 Be7 39. b3 h4 40. gxh4 Bxh4 0-1

[Event "Petroff mem op"]
[Site "St Petersburg"]
[Date "2000.02.12"]
[Round "5"]
[White "Chernyshov, Konstantin"]
[Black "Lunev, Andrey"]
[Result "0-1"]
[WhiteElo "2544"]
[BlackElo "2491"]
[PlyCount "86"]
[EventDate "2000.02.05"]
[Source "www.chesslib.no"]
[SourceDate "2004.05.04"]

1. e4 e5 2. f4 exf4 3. Nf3 h6 4. Bc4 d6 5. d4 g5 6. O-O Bg7 7. g3 Bh3 8. Re1 fxg3 9. hxg3 Nc6 10. c3 Qd7 11. Be3 Nf6 12. Nbd2 Ng4 13. b4 Ne7 14. a4 Nxe3 15. Rxe3 O-O 16. Nh2 d5 17. g4 Bxg4 18. Qxg4 Qxg4+ 19. Nxg4 dxc4 20. Rh3 Kh7 21. e5 Nd5 22. Nxc4 Kg6 23. Na5 Rab8 24. b5 h5 25. Nf2 f5 26. c4 Nf4 27. Re3 g4 28. Rae1 h4 29. d5 Bh6 30. d6 g3 31. Nd3 Ne6 32. Rf3 Bd2 33. Nb3 Bxe1 34. Nxe1 cxd6 35. exd6 b6 36. Nd3 Rbd8 37. c5 Nxc5 38. Nbxc5 bxc5 39. d7 c4 40. Nc5 Rf6 41. Re3 Rd6 42. Re6+ Rxe6 43. Nxe6 c3 0-1

[Event "IND-ROW m"]
[Site "Bali"]
[Date "1999.05.08"]
[Round "7"]
[White "Handoko, Edhi"]
[Black "Van den Doel, Erik"]
[Result "0-1"]
[WhiteElo "2435"]
[BlackElo "2535"]
[PlyCount "70"]
[EventDate "1999.05.??"]
[Source "ChessBase"]
[SourceDate "1999.08.01"]

1. e4 e5 2. f4 exf4 3. Nf3 g5 4. Bc4 Bg7 5. d4 d6 6. O-O h6 7. g3 Bh3 8. Rf2 Nc6 9. c3 Qe7 10. gxf4 gxf4 11. Bxf4 O-O-O 12. Nbd2 Nf6 13. Qa4 Nxe4 14. d5 Rhg8 15. Nxe4 Qxe4 16. dxc6 Bd4+ 17. Bg3 Qxf3 18. Be6+ fxe6 19. Qxd4 Qxc6 20. Qh4 Bg4 21. Qxh6 e5 22. Qe3 Kb8 23. Rf6 Bc8 24. Qf3 Qe8 25. Rf1 b6 26. Qd5 Bb7 27. Qc4 b5 28. Qe2 Qc6 29. Kf2 b4 30. c4 e4 31. Ke3 Qc5+ 32. Kd2 Qa5 33. Rf7 b3+ 34. Ke3 bxa2 35. Ra1 Qb6+ 0-1

[Event "Pamplona Open"]
[Site "?"]
[Date "2002.12.23"]
[Round "4"]
[White "Baron Rodriguez Jesus"]
[Black "Adla Diego G"]
[Result "1-0"]
[WhiteElo "2412"]
[BlackElo "2498"]
[PlyCount "123"]
[EventDate "2002.??.??"]
[Source "www.chesslib.no"]
[SourceDate "2004.05.04"]

1. e4 e5 2. f4 exf4 3. Nf3 g5 4. Bc4 Bg7 5. d4 d6 6. g3 g4 7. Nh4 f3 8. O-O Nc6 9. c3 Nge7 10. Nd2 O-O 11. Ndxf3 gxf3 12. Qxf3 Be6 13. Bd3 f6 14. Be3 Qd7 15. Nf5 Nxf5 16. exf5 Bf7 17. g4 Ne7 18. c4 Kh8 19. h4 Rae8 20. Rae1 b5 21. b3 bxc4 22. bxc4 Nc8 23. g5 Nb6 24. d5 Na4 25. Bd4 Re5 26. h5 h6 27. Bxe5 dxe5 28. g6 Bg8 29. Rb1 Re8 30. Be4 Nc5 31. Rb5 Bf8 32. Rfb1 Kg7 33. Qe3 Qd6 34. Kg2 Rc8 35. Kh3 c6 36. dxc6 Bxc4 37. Rxc5 Qxc5 38. Qxc5 Bxc5 39. Rc1 Bd3 40. Bxd3 Rxc6 41. Be4 Rc7 42. Kg2 a5 43. Kf3 a4 44. Rc4 a3 45. Bd5 Bd6 46. Bc6 Bf8 47. Ke4 Ra7 48. Bd5 Rd7 49. Rc8 Ra7 50. Bc6 Be7 51. Kd5 Bf8 52. Kc4 Re7 53. Be4 Rd7 54. Bd5 Re7 55. Be4 Rd7 56. Kb5 Ra7 57. Kb6 Rd7 58. Bc6 Re7 59. Be4 Rd7 60. Bc6 Re7 61. Bd5 Rd7 62. Be6 1-0

[Event "Sokolsky mem"]
[Site "Minsk"]
[Date "1981.??.??"]
[Round "7"]
[White "Lutikov, Anatoly S"]
[Black "Chekhov, Valery A"]
[Result "0-1"]
[WhiteElo "2430"]
[BlackElo "2435"]
[PlyCount "138"]
[EventDate "1981.??.??"]
[Source "ChessBase"]

1. e4 e5 2. f4 exf4 3. Nf3 g5 4. Bc4 Bg7 5. d4 d6 6. O-O h6 7. Nc3 Nc6 8. Kh1 Bg4 9. Bb5 a6 10. Bxc6+ bxc6 11. Qd3 Ne7 12. Bd2 Ng6 13. Rae1 O-O 14. Ng1 c5 15. Nce2 cxd4 16. Nxd4 Ne5 17. Qb3 Rb8 18. Qa4 Qd7 19. Qxd7 Bxd7 20. b3 Nc4 21. bxc4 Bxd4 22. Nf3 Bf6 23. Ba5 Rb7 24. e5 dxe5 25. Nxe5 Be6 26. a4 Rc8 27. h4 Rb2 28. Rf2 Ra2 29. hxg5 hxg5 30. g3 Rxa4 31. Bd2 Bxe5 32. Rxe5 fxg3 33. Rxg5+ Kf8 34. Rxg3 Rxc4 35. Bg5 Rg4 36. Rxg4 Bxg4 37. Bf6 Ke8 38. Rf4 Be6 39. Ra4 Ra8 40. Kg1 Kd7 41. Kf2 Kc6 42. Bc3 Kb5 43. Ra5+ Kb6 44. Ke3 Rg8 45. Ra3 c6 46. Kd2 Rg2+ 47. Kc1 Bf5 48. Rb3+ Kc5 49. Bd2 Be6 50. Rd3 Bd5 51. Ra3 Bc4 52. Rf3 Rg1+ 53. Kb2 Rf1 54. Re3 f5 55. Re8 f4 56. Re4 f3 57. Be3+ Kb4 58. Rf4 a5 59. Bd2+ Kb5 60. Bxa5 Rf2 61. Kc1 Re2 62. Rf5+ Bd5 63. Bd2 Kc4 64. Rf8 Be4 65. Rf6 Rh2 66. Kd1 Rh1+ 67. Be1 Kd4 68. Rd6+ Ke3 69. Rd2 Rf1 0-1

[Event "Lone Pine"]
[Site "Lone Pine"]
[Date "1980.??.??"]
[Round "8"]
[White "Arnason, Jon L"]
[Black "Henley, Ron W"]
[Result "1/2-1/2"]
[WhiteElo "2435"]
[BlackElo "2405"]
[PlyCount "62"]
[EventDate "1980.03.??"]
[Source "ChessBase"]

1. e4 e5 2. f4 exf4 3. Nf3 d6 4. Bc4 h6 5. O-O g5 6. d4 Bg7 7. g3 Nc6 8. gxf4 g4 9. d5 gxf3 10. dxc6 Qf6 11. Kh1 Bh3 12. Rxf3 Bg4 13. cxb7 Rb8 14. Bb5+ Kf8 15. Qf1 Bxf3+ 16. Qxf3 Qd4 17. Nc3 Qb6 18. Bd2 Qxb7 19. Rg1 Bd4 20. Rf1 Nf6 21. Bd3 Rg8 22. b3 Re8 23. Ne2 Bb6 24. Ng3 Qc6 25. a4 a6 26. f5 Ng4 27. h3 Ne5 28. Bxh6+ Ke7 29. f6+ Kd8 30. Qg2 Rg6 31. Bg7 Nxd3 1/2-1/2

[Event "Dortmund-B"]
[Site "Dortmund"]
[Date "1989.??.??"]
[Round "?"]
[White "Buecker, Stefan"]
[Black "Flear, Glenn C"]
[Result "0-1"]
[WhiteElo "2335"]
[BlackElo "2500"]
[PlyCount "74"]
[EventDate "1989.03.??"]
[Source "ChessBase"]

1. e4 e5 2. f4 exf4 3. Nf3 d6 4. Bc4 h6 5. d4 g5 6. O-O Bg7 7. g3 Nc6 8. gxf4 g4 9. d5 gxf3 10. dxc6 Qf6 11. Bb5 Qg6+ 12. Kf2 Qg2+ 13. Ke3 Kf8 14. Rf2 Qg6 15. Qxf3 Nf6 16. h3 a6 17. Bd3 Qg1 18. Nc3 Bxh3 19. cxb7 Rb8 20. Bd2 Ng4+ 21. Ke2 Qxf2+ 22. Qxf2 Nxf2 23. Kxf2 Rxb7 24. b3 Rg8 25. e5 dxe5 26. Bh7 Rh8 27. Be4 Rb4 28. f5 h5 29. Be3 Rxe4 30. Nxe4 Bxf5 31. Nc5 Bc8 32. Rd1 Bf6 33. Nd7+ Ke7 34. Bc5+ Ke6 35. Nf8+ Kf5 36. Rf1 Bg5 37. b4 h4 0-1

[Event "It Open"]
[Site "St Ingbert"]
[Date "1990.??.??"]
[Round "2"]
[White "Nicolac Juraj"]
[Black "Ristic, Nenad"]
[Result "0-1"]
[WhiteElo "2335"]
[BlackElo "2465"]
[PlyCount "42"]
[EventDate "1990.??.??"]
[Source "www.chesslib.no"]
[SourceDate "2004.05.04"]

1. e4 e5 2. f4 exf4 3. Nf3 d6 4. d4 g5 5. Bc4 h6 6. O-O Bg7 7. h4 Nc6 8. c3 Qe7 9. b4 Bd7 10. a4 O-O-O 11. Qd3 Rf8 12. Ba3 g4 13. Ne1 f3 14. gxf3 Qxh4 15. f4 g3 16. Ra2 Nf6 17. Re2 Rhg8 18. f5 Ng4 19. Nf3 Qh3 20. Bc1 Bf6 21. Ne1 Nf2 0-1

[Event "Leeuwarden Open"]
[Site "Leeuwarden NED"]
[Date "1993.??.??"]
[Round "8"]
[White "Jonkman, Harmen"]
[Black "Danielsen, Henrik"]
[Result "0-1"]
[WhiteElo "2345"]
[BlackElo "2445"]
[PlyCount "77"]
[EventDate "1993.08.??"]
[Source "www.chesslib.no"]
[SourceDate "2004.05.04"]

1. e4 e5 2. f4 exf4 3. Nf3 h6 4. Bc4 d6 5. d4 g5 6. O-O Bg7 7. c3 Nc6 8. h4 Qe7 9. a4 Bd7 10. a5 g4 11. Ne1 f3 12. gxf3 O-O-O 13. Ng2 Nf6 14. Bd3 Rde8 15. Nd2 gxf3 16. Qxf3 Rhg8 17. b4 Bh8 18. b5 Rxg2+ 19. Qxg2 Rg8 20. Qxg8+ Nxg8 21. bxc6 Bxc6 22. Nf3 Bxe4 23. Bxe4 Qxe4 24. Bd2 Nf6 25. Bxh6 Qg4+ 26. Kf2 Ne4+ 27. Ke1 Nxc3 28. Kd2 Ne4+ 29. Ke3 Ng3 30. Rg1 Nf5+ 31. Kf2 Bxd4+ 32. Nxd4 Qxd4+ 33. Kf3 Nxh6 34. Rae1 Qxh4 35. Rh1 Qg4+ 36. Kf2 Qf4+ 37. Kg2 Ng4 38. Rh8+ Kd7 39. Re2 0-1

[Event "Muenster op"]
[Site "Muenster"]
[Date "1996.??.??"]
[Round "4"]
[White "Weidemann, Christian"]
[Black "Slobodjan, Roman"]
[Result "0-1"]
[WhiteElo "2270"]
[BlackElo "2520"]
[PlyCount "40"]
[EventDate "1996.10.04"]
[Source "ChessBase"]

1. e4 e5 2. f4 exf4 3. Nf3 d6 4. Bc4 h6 5. d4 g5 6. O-O Bg7 7. g3 Bh3 8. Re1 Nc6 9. d5 Ne5 10. Bb5+ c6 11. Nxe5 Qb6+ 12. Be3 fxe3 13. Nc4 e2+ 14. Nxb6 exd1=Q 15. Rxd1 axb6 16. dxc6 O-O-O 17. Nc3 bxc6 18. Bxc6 Ne7 19. Bb5 Bxc3 20. Ba6+ Kc7 0-1

[Event "Varna 25th"]
[Site "Varna BUL"]
[Date "1986.04.29"]
[Round "7"]
[White "Angelov, Kosta"]
[Black "Lalic, Bogdan"]
[Result "1/2-1/2"]
[WhiteElo "2335"]
[BlackElo "2450"]
[PlyCount "89"]
[EventDate "1986.04.23"]
[Source "www.chesslib.no"]
[SourceDate "2004.05.04"]

1. e4 e5 2. f4 exf4 3. Nf3 d6 4. d4 g5 5. Bc4 Bg7 6. O-O h6 7. c3 Ne7 8. g3 Ng6 9. gxf4 Nxf4 10. Bxf4 gxf4 11. Qd2 Bh3 12. Qxf4 Qf6 13. Qxf6 Bxf6 14. Rf2 Rg8+ 15. Kh1 Nd7 16. Nbd2 Be6 17. e5 dxe5 18. dxe5 Bh8 19. Nd4 Ke7 20. Nf5+ Bxf5 21. Rxf5 Raf8 22. Raf1 Nxe5 23. Bb3 Rg5 24. R5f4 Rg4 25. Rf5 f6 26. Nf3 Nxf3 27. R5xf3 Re4 28. Bd5 Re2 29. R3f2 Rxf2 30. Rxf2 c6 31. Be4 Kd6 32. Bg6 Rg8 33. Rd2+ Kc5 34. Rg2 a5 35. h4 b5 36. h5 b4 37. c4 f5 38. Rf2 Rf8 39. b3 f4 40. Kg2 a4 41. Kf3 axb3 42. axb3 Bf6 43. Re2 Kd4 44. Re8 Rxe8 45. Bxe8 1/2-1/2

[Event "4th Open A"]
[Site "Moscow RUS"]
[Date "2008.02.02"]
[Round "1"]
[White "Pletnev, E."]
[Black "Demchenko, A."]
[Result "0-1"]
[WhiteElo "2285"]
[BlackElo "2491"]
[PlyCount "88"]
[EventDate "2008.02.02"]
[Source "www.chesslib.no"]
[SourceDate "2004.05.04"]

1. e4 e5 2. f4 exf4 3. Nf3 h6 4. d4 g5 5. Bc4 d6 6. O-O Bg7 7. c3 Nc6 8. h4 Nf6 9. hxg5 Nh5 10. gxh6 Bxh6 11. Qb3 Qd7 12. e5 Na5 13. e6 fxe6 14. Bxe6 Nxb3 15. Bxd7+ Bxd7 16. axb3 Ng3 17. Re1+ Kf7 18. Bd2 Bc6 19. Kf2 Ne4+ 20. Ke2 Rhe8 21. c4 Nc5+ 22. Kf1 Nxb3 23. Ra3 Nxd2+ 24. Nbxd2 Rxe1+ 25. Nxe1 a5 26. Nd3 Kg6 27. Kf2 b6 28. c5 Bd5 29. cxb6 cxb6 30. Rc3 Kf5 31. Rc7 Rg8 32. Nf3 Be4 33. Rh7 Kg6 34. Rd7 Bxd3 35. Rxd6+ Kh7 36. Rxb6 Rc8 37. Rb7+ Kg8 38. Ne1 Bc4 39. Ra7 Re8 40. b3 Bg7 41. Rxa5 Bxd4+ 42. Kf3 Bxb3 43. Rg5+ Kh7 44. Nd3 Bd1+ 0-1

[Event "ARG Ch"]
[Site "Buenos Aires ARG"]
[Date "1972.??.??"]
[Round "5"]
[White "Szmetan, Jorge"]
[Black "Rubinetti, Jorge A"]
[Result "0-1"]
[WhiteElo "2365"]
[BlackElo "2410"]
[PlyCount "57"]
[EventDate "1972.??.??"]
[Source "www.chesslib.no"]
[SourceDate "2004.05.04"]

1. e4 e5 2. f4 exf4 3. Nf3 d6 4. Bc4 h6 5. d4 g5 6. O-O Bg7 7. g3 g4 8. Nh4 f3 9. c3 Bf6 10. Nxf3 gxf3 11. Qxf3 Nc6 12. Bf4 Qe7 13. Na3 Bd7 14. Qh5 O-O-O 15. Rae1 Bg5 16. Nc2 Bxf4 17. Rxf4 f5 18. exf5 Nf6 19. Qf3 Qg7 20. Be6 h5 21. d5 Ne5 22. Qe3 Kb8 23. Nd4 h4 24. Bxd7 Nxd5 25. Qe4 Nxf4 26. Nc6+ bxc6 27. Qb4+ Ka8 28. Rxe5 Qxd7 29. Ra5 0-1

[Event "Kecskemet Szechenyi"]
[Site "Kecskemet"]
[Date "1991.??.??"]
[Round "9"]
[White "Lendwai, Reinhard"]
[Black "Schroll, Gerhard"]
[Result "0-1"]
[WhiteElo "2405"]
[BlackElo "2370"]
[PlyCount "40"]
[EventDate "1991.07.??"]
[Source "ChessBase"]

1. e4 e5 2. f4 exf4 3. Nf3 g5 4. Bc4 Bg7 5. d4 d6 6. g3 g4 7. Nh4 f3 8. O-O Nc6 9. Be3 Bf6 10. Bf2 Nge7 11. Nxf3 gxf3 12. Qxf3 Ng6 13. Be3 Nxd4 14. Qf2 Bh3 15. Nc3 Bxf1 16. Rxf1 c6 17. Bg5 Ne5 18. Bxf7+ Kd7 19. Qxf6 Ndf3+ 20. Kh1 Nxg5 0-1

[Event "LTU-ch"]
[Site "Vilnius"]
[Date "2002.05.20"]
[Round "5"]
[White "Asauskas, Henrikas"]
[Black "Sarakauskas, Gediminas"]
[Result "1-0"]
[WhiteElo "2384"]
[BlackElo "2388"]
[PlyCount "37"]
[EventDate "2002.05.17"]
[Source "ChessBase"]
[SourceDate "2002.09.20"]

1. e4 e5 2. f4 exf4 3. Nf3 g5 4. Bc4 Bg7 5. g3 g4 6. Nh4 d6 7. d4 f3 8. Nc3 Nc6 9. Be3 Nf6 10. Qd2 Be6 11. Bd3 d5 12. e5 Nd7 13. Nf5 Bxf5 14. Bxf5 Ndxe5 15. dxe5 d4 16. O-O-O Bxe5 17. Bh6 dxc3 18. Bd7+ Ke7 19. Qg5+ 1-0

[Event "Staunton CC King´s Gambit theme"]
[Site "Groningen"]
[Date "2002.09.07"]
[Round "3"]
[White "Hoeksema, Hendrik Pieter"]
[Black "Ligterink, Gert"]
[Result "1/2-1/2"]
[WhiteElo "2366"]
[BlackElo "2389"]
[PlyCount "103"]
[EventDate "2002.09.??"]
[Source "ChessBase"]
[SourceDate "2002.11.06"]

1. e4 e5 2. f4 exf4 3. Nf3 g5 4. Bc4 Bg7 5. d4 d6 6. O-O h6 7. g3 Bh3 8. Rf2 Nc6 9. c3 Qd7 10. gxf4 gxf4 11. Bxf4 Nf6 12. Nbd2 O-O-O 13. Bg3 Nh5 14. Nh4 Nxg3 15. hxg3 Rdf8 16. Nf5 Bxf5 17. Rxf5 Ne7 18. Rxf7 Rxf7 19. Bxf7 Qh3 20. Nf1 Rf8 21. Qh5 Qxh5 22. Bxh5 c5 23. dxc5 dxc5 24. Ne3 Kc7 25. Rd1 Rd8 26. Rf1 Rf8 27. Bf7 Nc6 28. Bd5 Rxf1+ 29. Kxf1 Ne5 30. Nf5 Bf8 31. Ke2 b6 32. b3 Ng6 33. Kf3 Ne7 34. Ne3 Bg7 35. c4 Bd4 36. Ng2 Ng6 37. Kg4 Bg7 38. Nf4 Ne5+ 39. Kf5 Kd6 40. Ne6 Bh8 41. Nf4 Bg7 42. Nh5 Bh8 43. Nf6 Nd3 44. Kg6 Ne5+ 45. Kf5 Nd3 46. Ng8 Be5 47. g4 Bf4 48. Kg6 Ne5+ 49. Kh5 Bg5 50. Bb7 Kc7 51. Bd5 Kd6 52. Bb7 1/2-1/2

[Event "Pools schev"]
[Site "Singapore"]
[Date "1997.??.??"]
[Round "7"]
[White "Marentek, Hanny"]
[Black "Tunasly, Kifly"]
[Result "0-1"]
[WhiteElo "2435"]
[BlackElo "2315"]
[PlyCount "54"]
[EventDate "1997.05.31"]
[Source "ChessBase"]
[SourceDate "1997.07.29"]

1. e4 e5 2. f4 exf4 3. Nf3 h6 4. Bc4 d6 5. d4 g5 6. O-O Bg7 7. c3 Ne7 8. h4 Ng6 9. h5 Ne7 10. g4 O-O 11. Nh2 d5 12. exd5 Nxd5 13. Qf3 c6 14. Bd3 Be6 15. Na3 c5 16. dxc5 Nd7 17. Bc2 Qc7 18. Bd2 Qxc5+ 19. Qf2 Qc6 20. Be4 Nc5 21. Bc2 Nf6 22. Rae1 Rad8 23. Bc1 Nd3 24. Qxa7 Nxe1 25. Rxe1 Nxg4 26. Be4 Qc7 27. Qxb7 Qc5+ 0-1

[Event "Corr"]
[Site "?"]
[Date "2000.03.27"]
[Round "?"]
[White "Cruzado Duenas Carlos (ESP)"]
[Black "Cleto Fernando de Almeida"]
[Result "0-1"]
[WhiteElo "2416"]
[BlackElo "2310"]
[PlyCount "78"]
[EventDate "2000.??.??"]
[Source "www.chesslib.no"]
[SourceDate "2004.05.04"]

1. e4 e5 2. f4 exf4 3. Nf3 d6 4. Bc4 h6 5. d4 g5 6. O-O Bg7 7. c3 Nc6 8. Qa4 Kf8 9. Bd3 Nge7 10. Na3 Ng6 11. Nc4 d5 12. exd5 Qxd5 13. Qc2 Nce7 14. Ncd2 Bf5 15. Ne4 Re8 16. Bd2 Nc6 17. Nf2 Bxd3 18. Qxd3 Bf6 19. c4 Qd7 20. d5 Nce5 21. Nxe5 Nxe5 22. Qb3 b6 23. Rad1 Ng4 24. Bc3 Nxf2 25. Rxf2 Re3 26. Rd3 Rxd3 27. Bb4+ Kg7 28. Qxd3 Re8 29. b3 Re3 30. Qc2 Qe8 31. Kf1 Bd4 32. Bd2 Re4 33. Rf3 Qe5 34. Qc1 Kg8 35. h3 f5 36. a3 Be3 37. Bxe3 fxe3 38. Ke2 f4 39. Ke1 Rd4 0-1

[Event "Rilton Cup"]
[Site "Stockholm"]
[Date "1980.??.??"]
[Round "?"]
[White "Osterman, Georg"]
[Black "Kaiszauri, Konstanty"]
[Result "0-1"]
[WhiteElo "2355"]
[BlackElo "2365"]
[PlyCount "62"]
[EventDate "1980.12.??"]
[Source "ChessBase"]

1. e4 e5 2. f4 exf4 3. Nf3 d6 4. Bc4 h6 5. d4 g5 6. O-O Bg7 7. c3 Nc6 8. g3 Bh3 9. gxf4 Bxf1 10. Qxf1 g4 11. Ne1 Nce7 12. Qg2 d5 13. exd5 Nf6 14. Bb5+ Kf8 15. d6 cxd6 16. Nc2 d5 17. Nd2 Nf5 18. b3 h5 19. Ba3+ Kg8 20. Bd3 Qd7 21. Re1 h4 22. Re5 Rh5 23. Qe2 Bh6 24. Ne3 Nxe3 25. Qxe3 Re8 26. Qf2 Rexe5 27. dxe5 g3 28. Qxa7 Ne8 29. Be2 Qh3 30. Bxh5 Qxh2+ 31. Kf1 g2+ 0-1

[Event "BCF Team Ch 9697"]
[Site "England"]
[Date "1996.??.??"]
[Round "?"]
[White "Tebb, David"]
[Black "Ferguson, Mark"]
[Result "0-1"]
[WhiteElo "2310"]
[BlackElo "2360"]
[PlyCount "68"]
[EventDate "1996.??.??"]
[Source "www.chesslib.no"]
[SourceDate "2004.05.04"]

1. e4 e5 2. f4 exf4 3. Nf3 d6 4. Bc4 h6 5. d4 g5 6. O-O Bg7 7. c3 Nc6 8. h4 Bg4 9. Qb3 Na5 10. Bxf7+ Kf8 11. Qa3 Kxf7 12. Qxa5 Kg6 13. Nbd2 c5 14. Qb5 Qd7 15. Qd3 cxd4 16. cxd4 d5 17. e5+ Bf5 18. Qe2 Ne7 19. Nb3 b6 20. Bd2 a5 21. e6 Qc8 22. Rac1 Qa6 23. Ne5+ Kh7 24. Qh5 Bxe5 25. Qf7+ Bg7 26. Rc7 Rhe8 27. Rxe7 Rxe7 28. Qxe7 a4 29. hxg5 Ra7 30. Qd8 axb3 31. Qxd5 Bg6 32. axb3 Qe2 33. gxh6 Be4 34. Qg5 Bxh6 0-1

[Event "MEX-ch XLVII Nacional Abierto"]
[Site "Irapuato"]
[Date "2001.??.??"]
[Round "5"]
[White "Cerriteno Rodriguez, Octaviano"]
[Black "Frey, Kenneth"]
[Result "0-1"]
[WhiteElo "2262"]
[BlackElo "2405"]
[PlyCount "28"]
[EventDate "2001.04.11"]
[Source "www.chesslib.no"]
[SourceDate "2004.05.04"]

1. e4 e5 2. f4 exf4 3. Nf3 d6 4. Bc4 h6 5. d4 g5 6. O-O Bg7 7. c3 Nc6 8. Nbd2 Nf6 9. h4 Ng4 10. Qb3 Qe7 11. hxg5 hxg5 12. Nxg5 Qxg5 13. Bxf7+ Ke7 14. e5 Rh1+ 0-1

[Event "FSIM November, Budapest HUN"]
[Site "?"]
[Date "2001.??.??"]
[Round "6"]
[White "Cooke, E."]
[Black "Hajnal, Z."]
[Result "0-1"]
[WhiteElo "2210"]
[BlackElo "2435"]
[PlyCount "64"]
[EventDate "2001.??.??"]
[Source "www.chesslib.no"]
[SourceDate "2004.05.04"]

1. e4 e5 2. f4 exf4 3. Nf3 g5 4. Bc4 Bg7 5. d4 d6 6. O-O h6 7. c3 Nc6 8. g3 Bh3 9. gxf4 Bxf1 10. Qxf1 gxf4 11. d5 Ne5 12. Bb5+ c6 13. Ba4 Ne7 14. Bxf4 Qb6+ 15. Nd4 Qxb2 16. Nd2 Qxc3 17. Nc2 O-O 18. Rb1 cxd5 19. exd5 Nxd5 20. Ne4 Qf3 21. Qxf3 Nxf3+ 22. Kf2 Ne5 23. Bd2 Nb6 24. Bb3 d5 25. Ng3 f5 26. Nh5 Ng4+ 27. Kg1 Rae8 28. h3 Ne5 29. Kf2 Nbc4 30. Bb4 Nd3+ 31. Kf3 Nxb4 32. Nxb4 Nd2+ 0-1

[Event "Esbjerg-B"]
[Site "Esbjerg DEN"]
[Date "1988.??.??"]
[Round "11"]
[White "Sydor, Andrzej"]
[Black "Jacobsen, Bo"]
[Result "0-1"]
[WhiteElo "2335"]
[BlackElo "2290"]
[PlyCount "175"]
[EventDate "1988.07.??"]
[Source "www.chesslib.no"]
[SourceDate "2004.05.04"]

1. e4 e5 2. f4 exf4 3. Nf3 h6 4. d4 g5 5. Bc4 d6 6. O-O Bg7 7. c3 Nc6 8. g3 Bh3 9. Rf2 Nf6 10. gxf4 g4 11. Nfd2 Nh5 12. Nf1 Qh4 13. Be3 Rg8 14. Nbd2 g3 15. hxg3 Bxd4 16. Qxh5 Qxh5 17. cxd4 Nb4 18. Rc1 d5 19. Be2 Qg6 20. a3 Nc6 21. f5 Qd6 22. e5 Qe7 23. Kh2 Bg4 24. Bd3 O-O-O 25. Nb3 Nb8 26. Rf4 Qg5 27. Kg1 Bh3 28. Nbd2 Nc6 29. Nf3 Qh5 30. Kf2 Rg4 31. f6 Rxf4 32. Bxf4 Bxf1 33. Rxf1 Qg4 34. Rh1 Rh8 35. Rh4 Qg8 36. Rh5 Nd8 37. Be3 Kb8 38. Rh1 Ne6 39. Nh4 Qe8 40. Nf5 h5 41. Ng7 Qc6 42. g4 Nc5 43. Bf5 Ne4+ 44. Bxe4 dxe4 45. Rxh5 Qc2+ 46. Kg3 Rxh5 47. Nxh5 Qe2 48. Bf4 Qxb2 49. Kh4 Qf2+ 50. Kg5 Qxd4 51. Kh6 Qd7 52. g5 Qf5 53. Kg7 Qg6+ 54. Kf8 Kc8 55. Ke7 Qxh5 56. e6 Qh8 57. Kxf7 Qh7+ 58. Kf8 b5 59. e7 Qh8+ 60. Kf7 Kd7 61. g6 a5 62. Bh6 Qe8+ 63. Kg7 b4 64. axb4 axb4 65. Bc1 b3 66. Ba3 e3 67. f7 e2 68. f8=Q e1=Q 69. Qf5+ Kc6 70. Qf3+ Kb6 71. Qxb3+ Qb5 72. Qxb5+ Kxb5 73. Kf8 Qf1+ 74. Kg8 Qc4+ 75. Kf8 Qf4+ 76. Ke8 Kc6 77. g7 Qg5 78. Kf8 Qf6+ 79. Kg8 Kd7 80. Kh7 Qf5+ 81. Kh6 Qf7 82. Bb4 Ke6 83. Ba3 Kf6 84. Bb2+ Kxe7 85. Kh7 Qh5+ 86. Kg8 Qe8+ 87. Kh7 Kf7 88. Bc3 0-1

[Event "Illinois"]
[Site "Illinois"]
[Date "1988.??.??"]
[Round "?"]
[White "Giles, Morris"]
[Black "Martinovsky, Eugene"]
[Result "0-1"]
[WhiteElo "2330"]
[BlackElo "2295"]
[PlyCount "70"]
[EventDate "1988.??.??"]
[Source "www.chesslib.no"]
[SourceDate "2004.05.04"]

1. e4 e5 2. f4 exf4 3. Nf3 h6 4. Bc4 d6 5. d4 g5 6. O-O Bg7 7. Nc3 Nc6 8. Kh1 Bg4 9. Ne2 Nf6 10. g3 Nxe4 11. gxf4 Bh3 12. Bd5 Bxf1 13. Qxf1 Nf6 14. Bxc6+ bxc6 15. fxg5 hxg5 16. Bxg5 Qd7 17. Ng3 Qg4 18. Re1+ Kf8 19. Bxf6 Qxg3 20. Be7+ Kg8 21. Re2 Qf4 22. Bg5 Qf5 23. Qg2 f6 24. Bh4 Kf8 25. Rf2 Qe4 26. Re2 Qf5 27. Rf2 Qe4 28. Re2 Qd5 29. Re7 Rg8 30. Qe2 Qh5 31. Rxc7 Re8 32. Qf2 Bh6 33. Bg3 Bf4 34. Bxf4 Qxf3+ 35. Qxf3 Re1+ 0-1

[Event "Luzern ol (Men)"]
[Site "Lucerne SUI"]
[Date "1982.??.??"]
[Round "4"]
[White "West, Guy"]
[Black "Segal, Alexandru Sorin"]
[Result "1/2-1/2"]
[WhiteElo "2230"]
[BlackElo "2385"]
[PlyCount "57"]
[EventDate "1982.10.??"]
[Source "www.chesslib.no"]
[SourceDate "2004.05.04"]

1. e4 e5 2. f4 exf4 3. Nf3 d6 4. Bc4 h6 5. d4 g5 6. O-O Bg7 7. Nc3 Nc6 8. Ne2 Nge7 9. c3 a6 10. a4 Ng6 11. g3 g4 12. Nxf4 Nxf4 13. Bxf4 gxf3 14. Qxf3 Qe7 15. Qh5 Nd8 16. e5 d5 17. Bxd5 Be6 18. Be4 c6 19. Bc2 Qd7 20. Be3 Bf8 21. Bf5 Be7 22. Rf2 Bxf5 23. Rxf5 Qe6 24. Raf1 Rh7 25. Qf3 Qb3 26. Qg4 Ne6 27. Bc1 Bg5 28. Bxg5 hxg5 29. Rf6 1/2-1/2